| 000 | 00000nam 2200000zi 4500 |
| 001 | 9.939850 |
| 003 | CaOODSP |
| 005 | 20250107144100 |
| 006 | m o d f |
| 007 | cr mn||||||||| |
| 008 | 240626t20242024onc obs f000 0 eng d |
| 040 | |aCaOODSP|beng|erda|cCaOODSP |
| 043 | |an-cn--- |
| 086 | 1 |aCS36-28-0001/2024-6-6E-PDF |
| 100 | 1 |aCharters, Thomas, |eauthor. |
| 245 | 13|aAn update on the profile of children with affirmative responses to the 2021 Census questions on difficulties with activities of daily living / |cby Thomas Charters, Rubab Arim and Leanne Findlay. |
| 264 | 1|a[Ottawa] : |bStatistics Canada = Statistique Canada, |c2024. |
| 264 | 4|c©2024 |
| 300 | |a1 online resource (11 pages). |
| 336 | |atext|btxt|2rdacontent |
| 337 | |acomputer|bc|2rdamedia |
| 338 | |aonline resource|bcr|2rdacarrier |
| 490 | 1 |aEconomic and social reports, |x2563-8955 ; |vVol. 4, no. 6, June 2024 |
| 500 | |aCover title. |
| 500 | |a"Release date: June 26, 2024." |
| 500 | |aIssued also in French under title: Mise à jour du profil des enfants associés à des réponses affirmatives aux questions du Recensement de 2021 sur la difficulté à accomplir des activités de la vie quotidienne. |
| 504 | |aIncludes bibliographical references (pages 10-11). |
| 650 | 0|aChildren with disabilities|zCanada|vStatistics. |
| 655 | 7|aStatistics|2lcgft |
| 710 | 2 |aStatistics Canada, |eissuing body. |
| 775 | 08|tMise à jour du profil des enfants associés à des réponses affirmatives aux questions du Recensement de 2021 sur la difficulté à accomplir des activités de la vie quotidienne / |w(CaOODSP)9.939851 |
| 830 | #0|aEconomic and social reports (Statistics Canada)|x2563-8955 ; |vVol. 4, no. 6, June 2024.|w(CaOODSP)9.895760 |
| 856 | 40|qPDF|s624 KB|uhttps://publications.gc.ca/collections/collection_2024/statcan/36-28-0001/CS36-28-0001-2024-6-6-eng.pdf |
| 856 | 4 |qHTML|sN/A|uhttps://www150.statcan.gc.ca/n1/pub/36-28-0001/2024006/article/00006-eng.htm |